| 000 | 00448cam a2200181ua 4500 | ||
|---|---|---|---|
| 001 | 5238 | ||
| 008 | 120306n ii |||gr||||Z||||||eng | ||
| 040 | _cMAIN | ||
| 082 | _a821 | ||
| 100 |
_aKeat, John, _eAuthor, |
||
| 245 | 1 | 1 |
_aThe odes of John Keats _cby John Keats |
| 250 | _a4th. | ||
| 260 |
_aBareilly: _bPrakash book depot, _c1995. |
||
| 300 |
_a247p: _c23cm. |
||
| 653 | _aEnglish poetry | ||
| 700 |
_aSaxena, Girish, _eEditor, |
||
| 942 | _cBK | ||
| 999 |
_c4420 _d4420 |
||